Statistics for Airlines Serving the Airports of Argentina

Click here to take the quiz!

General Stats

  • This quiz has been taken 175 times
    (36 since last reset)
  • The average score is 24 of 38

Answer Stats

Airports ServedAirlines% Correct
EZEAmerican Airlines
94%
EZELufthansa
94%
AEP | AFA | BHI | BRC | CNQ | COR | CPC | CRD | CTC | EQS | EZE | FMA | FTE | IGR | IRJ | JUJ | LGS | LUQ | MDQ | MDZ | NQN | PMY | PRA | PSS | RCU | REL | RES | RGA | RGL | RHD | RLO | ROS | RSA | SDE | SFN | SLA | TUC | UAQ | USH | VDMAerolíneas Argentinas
91%
EZEBritish Airways
86%
EZEUnited Airlines
86%
EZEDelta Air Lines
83%
EZEIberia
83%
AEP | BRC | COR | EZE | MDZLATAM Brasil
83%
AEP | COR | EZE | MDZ | RGLLATAM Chile
83%
EZELATAM Ecuador
83%
AEP | COR | EZE | MDZLATAM Perú
83%
EZEEmirates
80%
EZEKLM
77%
EZEAeroméxico
74%
EZEAir Canada
71%
EZEAir France
71%
COR | EZE | MDZ | ROSCopa Airlines
71%
AEP | COR | EZE | MDZ | ROSGOL
71%
EZEAvianca
63%
EZEAvianca Costa Rica
63%
EZEAvianca Perú
63%
EZETurkish Airlines
63%
EZEAzul Brazilian Airlines
60%
COR | EZEAir Europa
57%
EZEITA Airways
57%
EZESwiss
57%
AEP | BRC | CNQ | COR | CRD | EZE | FTE | IGR | JUJ | MDZ | NQN | PMY | PSS | REL | SDE | SLA | TUC | USHFlybondi
54%
AEP | EZEJetSmart
51%
AEP | BRC | CNQ | COR | CRD | EZE | FTE | IGR | JUJ | MDZ | NQN | PSS | SLA | TUC | USHJetSmart Argentina
51%
EZEEthiopian Airlines
49%
EZEBoA - Boliviana de Aviación
40%
AEP | BRC | EZE | MDZSky Airline
40%
EZESky Airline Perú
40%
EZELevel
31%
AEP | EZEParanair
20%
EZEViva Air Colombia
20%
COR | EZE | JUJ | TUCAndes Líneas Aéreas
11%
AEP | BHI | BRC | COR | CRD | EHL | FTE | GGS | LGS | MDQ | MDZ | NQN | PMY | RGA | RGL | RLO | USHLADE
11%

Score Distribution

Percentile by Number Answered

Percent of People with Each Score

Your Score History

You have not taken this quiz since the last reset